| 000 | 00736nam 22002293 4500 | ||
|---|---|---|---|
| 001 | 199379 | ||
| 010 | _a978-972-46-2069-5 | ||
| 021 | _b338972/12 | ||
| 090 | _a199379 | ||
| 100 | _a20230828d u||y0pory50 ba | ||
| 200 |
_a1Q84 - livro 1 _fHaruki Murakami _gtradução Maria João Lourenço, tradução Maria João da Rocha Afonso |
||
| 205 | _a13ª reimp. | ||
| 210 |
_aAlfragide _cCasa das Letras _d2024 |
||
| 215 |
_a487, [3] p. _cbrochado _d24 cm |
||
| 606 |
_91701 _aLiteratura Japonesa |
||
| 675 |
_a821.521-3 _vPT _zpor |
||
| 700 |
_91702 _aMurakami _bHaruki _f1949- |
||
| 702 |
_915255 _aLourenço _bMaria João |
||
| 702 |
_915256 _aAfonso _bMaria João da Rocha _f1959-2020 |
||
| 801 |
_aPT _bBMMN _gRPC |
||
| 830 |
_cAna _fAna |
||
| 990 | _cLIVROS | ||